[Event "GER-ch 3rd Internet Blitz Cand"]
[Site "Playchess.com INT"]
[Date "2005.04.02"]
[Round "7"]
[White "Hoffmann, Lukas"]
[Black "Phildius, Bernhard"]
[Result "0-1"]
[WhiteElo "2157"]
[BlackElo "2312"]
[PlyCount "100"]
[EventDate "2005.04.02"]
[EventType "swiss (blitz)"]
[EventRounds "15"]
[EventCountry "GER"]
[SourceTitle "CBM 105 Extra"]
[Source "ChessBase"]
[SourceDate "2005.05.01"]
[SourceVersion "1"]
[SourceVersionDate "2005.05.01"]
[SourceQuality "1"]

1. e4 d6 2. d4 h6 3. Nf3 g5 4. Bd3 Bg7 5. c3 Nc6 6. Be3 Bg4 7. Nbd2 e5 8. d5 Nce7 9. h3 Bd7 10. g4 Ng6 11. Nf1 Nf4 12. Ng3 Ne7 13. Bxf4 exf4 14. Nf5 Nxf5 15. exf5 Qe7+ 16. Qe2 Qxe2+ 17. Kxe2 Bf6 18. Nd2 0-0-0 19. Ne4 Be5 20. b3 f6 21. Rac1 h5 22. Kf3 Rh7 23. Be2 Rdh8 24. Kg2 c5 25. c4 Kc7 26. Bf3 a6 27. Rb1 hxg4 28. hxg4 Rxh1 29. Rxh1 Rxh1 30. Kxh1 b5 31. Kg2 Kb6 32. Kf1 Ka5 33. Bd1 bxc4 34. bxc4 Kb4 35. Nd2 Kc3 36. Ke2 Kb2 37. Bb3 a5 38. a4 Bc3 39. Bd1 Bxd2 40. Kxd2 Ka3 41. Kc3 f3 42. Bxf3 Bxa4 43. Be2 Bb3 44. Bd3 a4 45. f4 gxf4 46. g5 fxg5 47. f6 g4 48. f7 g3 49. Be4 f3 50. f8Q Bxc4 0-1

[Event "GER-ch 3rd Internet Blitz Cand"]
[Site "Playchess.com INT"]
[Date "2005.04.02"]
[Round "2"]
[White "Schmidt, Harald"]
[Black "Phildius, Bernhard"]
[Result "1/2-1/2"]
[WhiteElo "2368"]
[BlackElo "2312"]
[PlyCount "67"]
[EventDate "2005.04.02"]
[EventType "swiss (blitz)"]
[EventRounds "15"]
[EventCountry "GER"]
[SourceTitle "CBM 105 Extra"]
[Source "ChessBase"]
[SourceDate "2005.05.01"]
[SourceVersion "1"]
[SourceVersionDate "2005.05.01"]
[SourceQuality "1"]

1. e4 e6 2. d4 d5 3. Nd2 Nc6 4. c3 Nf6 5. e5 Ng8 6. f4 Nge7 7. Bd3 Qd7 8. Qe2 b6 9. b4 Bb7 10. Ngf3 a5 11. b5 Na7 12. 0-0 h6 13. Nh4 g6 14. a4 0-0-0 15. Ba3 Kb8 16. Nhf3 Nac8 17. Rac1 Rg8 18. Nb3 Nf5 19. Bxf8 Rdxf8 20. c4 dxc4 21. Rxc4 Nce7 22. Rfc1 Nd5 23. Qd2 g5 24. fxg5 hxg5 25. Be4 g4 26. Ne1 Nfe3 27. Bxd5 Nxd5 28. Nd3 Qe7 29. Nxa5 bxa5 30. Qxa5 Qa3 31. Nc5 Qe3+ 32. Kh1 Nb6 33. Nd7+ Nxd7 34. Qxc7+ 1/2-1/2

[Event "Landesliga Sued 0102"]
[Site "Bayern"]
[Date "2002.04.28"]
[Round "9.6"]
[White "Phildius, Bernhard"]
[Black "Walch, Ingo"]
[Result "1-0"]
[WhiteElo "2255"]
[BlackElo "2065"]
[PlyCount "125"]
[EventDate "2001.10.07"]
[EventType "team-tourn"]
[EventRounds "9"]
[EventCountry "GER"]
[SourceTitle "EXT 2003"]
[Source "ChessBase"]
[SourceDate "2002.11.25"]
[SourceVersion "1"]
[SourceVersionDate "2002.11.25"]
[SourceQuality "1"]
[WhiteTeam "Groebenzell"]
[BlackTeam "Pfarrkirchen SC"]
[WhiteTeamCountry "GER"]
[BlackTeamCountry "GER"]

1. e4 g6 2. d4 d6 3. c3 Nf6 4. Qc2 Bg7 5. Bg5 0-0 6. Nd2 Nbd7 7. Ngf3 e5 8. dxe5 dxe5 9. Be2 Re8 10. 0-0 c6 11. Rfd1 Qc7 12. Nc4 Bf8 13. b4 b6 14. a4 a6 15. Nfd2 Bb7 16. Ne3 h6 17. Bh4 Rac8 18. f3 Nh5 19. Bf1 Nf4 20. Qa2 Kg7 21. Rab1 Nf6 22. Bf2 Rcd8 23. Nec4 Nd7 24. Nb3 Ne6 25. Rxd7 Rxd7 26. Bxb6 Qb8 27. Qf2 f6 28. h4 h5 29. g3 Rf7 30. Qe2 Bc8 31. Bf2 c5 32. b5 axb5 33. axb5 Bd7 34. b6 Bb5 35. Nbd2 Ba6 36. Qd1 Rd8 37. Qa4 Qc8 38. Nb3 Rfd7 39. Nba5 Bb7 40. Nxb7 Rxb7 41. Na5 Rf7 42. Qc6 Qxc6 43. Nxc6 Rdd7 44. Bc4 Nd8 45. Nxd8 Rxd8 46. Bxf7 Kxf7 47. Kf1 Ke6 48. Ke2 Rb8 49. Kd3 Kd6 50. Kc4 Kc6 51. b7 g5 52. Rb5 gxh4 53. gxh4 Rxb7 54. Rxb7 Kxb7 55. Bxc5 Bg7 56. Kd5 Kc7 57. Bd6+ Kd7 58. c4 Bh6 59. c5 Bf4 60. c6+ Kd8 61. Ke6 Bg3 62. Kxf6 Bxh4+ 63. Kg6 1-0

[Event "Bad Woerishofen op 18th"]
[Site "Bad Woerishofen"]
[Date "2002.??.??"]
[Round "3"]
[White "Phildius, Bernhard"]
[Black "Lindenmair, Anton"]
[Result "1-0"]
[WhiteElo "2330"]
[BlackElo "2127"]
[PlyCount "96"]
[EventDate "2002.03.??"]
[EventType "swiss"]
[EventRounds "9"]
[EventCountry "GER"]
[SourceTitle "EXT 2003"]
[Source "ChessBase"]
[SourceDate "2002.11.25"]
[SourceVersion "1"]
[SourceVersionDate "2002.11.25"]
[SourceQuality "1"]

1. d4 g6 2. c3 Bg7 3. Bg5 d6 4. e4 Nd7 5. Nd2 Ngf6 6. Ngf3 0-0 7. Be2 h6 8. Bh4 e5 9. dxe5 Nxe5 10. Nxe5 dxe5 11. Qc2 c6 12. 0-0 Qc7 13. a4 Be6 14. Nc4 Nh5 15. Rfd1 Bf6 16. Bxf6 Nxf6 17. Qd2 Kg7 18. Qe3 Rfd8 19. f3 b6 20. b4 Rxd1+ 21. Rxd1 Bxc4 22. Bxc4 Rd8 23. Rxd8 Qxd8 24. Bb3 Qd6 25. Qe2 c5 26. Qc4 Qe7 27. Kf2 Ne8 28. Ke2 cxb4 29. cxb4 Nd6 30. Qd5 Kf6 31. g3 g5 32. Qc6 Kg7 33. Kd3 f5 34. Kc2 fxe4 35. fxe4 Nf7 36. Qd5 Nd6 37. Kb2 Kf6 38. h4 Nf7 39. Qd2 Nd6 40. Qd1 Kg7 41. Qg4 Kf6 42. Qd1 Kg7 43. Qd5 Nf7 44. h5 Qf6 45. a5 bxa5 46. bxa5 Qf2+ 47. Ka3 Qf6 48. Ka4 Qe7 1-0

[Event "Landesliga Sued 9899"]
[Site "Bayern"]
[Date "1999.05.30"]
[Round "9.3"]
[White "Phildius, Bernhard"]
[Black "Bintakies, Michael"]
[Result "1-0"]
[WhiteElo "2195"]
[BlackElo "2130"]
[PlyCount "67"]
[EventDate "1998.11.10"]
[EventType "team-tourn"]
[EventRounds "9"]
[EventCountry "GER"]
[SourceTitle "EXT 2020"]
[Source "ChessBase"]
[SourceDate "2019.10.17"]
[SourceVersion "1"]
[SourceVersionDate "2019.10.17"]
[SourceQuality "1"]
[WhiteTeam "Groebenzell"]
[BlackTeam "Haunstetten TSV"]
[WhiteTeamCountry "GER"]
[BlackTeamCountry "GER"]

1. d4 d5 2. e3 Nf6 3. Bd3 Nc6 4. f4 Nb4 5. Be2 Bf5 6. Na3 c5 7. c3 Nc6 8. Nf3 e6 9. Nc2 Bd6 10. 0-0 Ne4 11. Nce1 0-0 12. Nd3 Bg4 13. h3 Bxf3 14. Bxf3 Ng3 15. Rf2 c4 16. Ne5 Nxe5 17. fxe5 Bc7 18. Bg4 Qh4 19. b3 h5 20. Be2 f6 21. Ba3 Rf7 22. bxc4 Qg5 23. cxd5 fxe5 24. Rxf7 Qxe3+ 25. Rf2 Ne4 26. Qe1 exd4 27. Bf3 Nxf2 28. Qxf2 Bh2+ 29. Kf1 Qxc3 30. Bb2 Qc4+ 31. Qe2 d3 32. Qxe6+ Kh8 33. Qh6+ Kg8 34. Qxg7# 1-0

[Event "Bayern-chI Bank Hofmann 1st"]
[Site "Bad Wiessee"]
[Date "1997.11.19"]
[Round "5"]
[White "Phildius, Bernhard"]
[Black "Weichelt, Jens"]
[Result "1-0"]
[WhiteElo "2330"]
[BlackElo "2235"]
[PlyCount "139"]
[EventDate "1997.11.15"]
[EventType "swiss"]
[EventRounds "9"]
[EventCountry "GER"]
[SourceTitle "CBM 061 Extra"]
[Source "ChessBase"]
[SourceDate "1998.03.09"]
[SourceVersion "1"]
[SourceVersionDate "1998.03.09"]
[SourceQuality "1"]

1. d4 Nf6 2. c3 d5 3. Bg5 Nbd7 4. Nd2 e5 5. e3 Be7 6. Ngf3 e4 7. Ng1 c6 8. Ne2 Nf8 9. c4 h6 10. Bxf6 Bxf6 11. Nc3 Ng6 12. Qb3 Ne7 13. cxd5 cxd5 14. Bb5+ Kf8 15. 0-0 g6 16. Rfc1 Be6 17. Bf1 Rb8 18. Qa3 a6 19. Nb3 Kg7 20. Nc5 Nf5 21. Qb3 Be7 22. N3a4 b5 23. Nxe6+ fxe6 24. Nc5 Bxc5 25. Rxc5 Rc8 26. Rac1 Qd7 27. Qc3 Ne7 28. Qa5 Qd6 29. b4 Rhf8 30. g3 g5 31. a4 e5 32. dxe5 Qxe5 33. Rxc8 Nxc8 34. Qc7+ Qe7 35. axb5 axb5 36. Bxb5 Kf6 37. Rc6+ Kf7 38. Rxh6 Qxc7 39. Rh7+ Ke6 40. Rxc7 Ne7 41. Be2 Kd6 42. Rc2 Nc6 43. b5 Ne5 44. h4 gxh4 45. gxh4 Rh8 46. h5 Nd7 47. Rc6+ Ke7 48. Kf1 Nf6 49. b6 Nd7 50. Bg4 Nf6 51. Bc8 Rxh5 52. Kg2 Rg5+ 53. Kh2 Rh5+ 54. Bh3 d4 55. exd4 Ng4+ 56. Kg3 Nxf2 57. Bg2 e3 58. b7 Rb5 59. Rc8 Nd1 60. Bf3 Rxb7 61. Bxd1 Rb2 62. Rc2 Rb4 63. d5 Rd4 64. Bf3 Kd6 65. Rc6+ Ke5 66. Re6+ Kf5 67. Rxe3 Kg5 68. Re1 Rd2 69. Rd1 Ra2 70. d6 1-0

[Event "Landesliga Sued 9697"]
[Site "Bayern"]
[Date "1996.10.13"]
[Round "1"]
[White "Phildius, Bernhard"]
[Black "Schmidt, Anton"]
[Result "1-0"]
[WhiteElo "2145"]
[BlackElo "1640"]
[PlyCount "129"]
[EventDate "1996.10.13"]
[EventType "team-tourn"]
[EventRounds "9"]
[EventCountry "GER"]
[SourceTitle "EXT 2020"]
[Source "ChessBase"]
[SourceDate "2019.10.17"]
[SourceVersion "1"]
[SourceVersionDate "2019.10.17"]
[SourceQuality "1"]
[WhiteTeam "Groebenzell"]
[BlackTeam "Landshut"]
[WhiteTeamCountry "GER"]
[BlackTeamCountry "GER"]

1. d4 Nf6 2. c3 c5 3. e3 g6 4. Nf3 Bg7 5. Nbd2 d6 6. dxc5 dxc5 7. e4 0-0 8. Bc4 Nc6 9. 0-0 Bg4 10. Qc2 Qc7 11. h3 Bxf3 12. Nxf3 Ne5 13. Be2 Rad8 14. Be3 Nxf3+ 15. Bxf3 b6 16. a4 Rd7 17. Be2 Qe5 18. f3 Nd5 19. Bc1 Nf4 20. Bb5 Rd6 21. Bxf4 Qxf4 22. Rfd1 Be5 23. Kf1 Qh2 24. Qf2 Rfd8 25. Rxd6 Rxd6 26. Ke2 Qf4 27. Rd1 Rxd1 28. Kxd1 Bg7 29. Kc2 Bh6 30. Kb3 Qd6 31. h4 Bc1 32. Kc2 Bf4 33. h5 Bg3 34. Qe2 gxh5 35. Bc4 h4 36. Ba2 Bf4 37. Bd5 e6 38. Bc4 Bg3 39. Kb3 Bf4 40. Bd3 Bg3 41. Qc2 Qe5 42. Kc4 h6 43. a5 Qg5 44. a6 Bd6 45. Bf1 Bf8 46. Qd1 Qg3 47. Kb5 Qc7 48. Bc4 Bd6 49. Ka4 Be7 50. Qd3 Bf8 51. Bb5 Qg3 52. Qf1 Qf4 53. Be8 Qd2 54. Kb3 c4+ 55. Ka2 Qd3 56. Qc1 Qe2 57. Qf4 Bg7 58. Bxf7+ Kh7 59. Qb8 h5 60. Bg8+ Kh6 61. Qf4+ Kg6 62. Qf7+ Kh6 63. Qxe6+ Kg5 64. Qf5+ Kh6 65. f4 1-0

[Event "Munich op 9293"]
[Site "Munich"]
[Date "1993.??.??"]
[Round "7"]
[White "Hoffmann, Michael"]
[Black "Phildius, Bernhard"]
[Result "1-0"]
[WhiteElo "2425"]
[BlackElo "2315"]
[PlyCount "117"]
[EventDate "1993.??.??"]
[EventType "swiss"]
[EventRounds "9"]
[EventCountry "GER"]
[SourceTitle "TD"]
[Source "ChessBase"]
[SourceDate "1994.03.01"]
[SourceVersion "1"]
[SourceVersionDate "1994.03.01"]
[SourceQuality "1"]

1. d4 Nf6 2. c4 c5 3. d5 e5 4. Nc3 d6 5. e4 Be7 6. g3 0-0 7. Bh3 a6 8. a4 Nbd7 9. Nf3 b5 10. axb5 Nb6 11. Bxc8 Qxc8 12. Nd2 Qh3 13. Rxa6 Rxa6 14. bxa6 Ra8 15. Qe2 Ne8 16. Qf1 Qxf1+ 17. Rxf1 Nc7 18. Ke2 Nxa6 19. b3 Nb4 20. Bb2 Nc2 21. Kd3 Nb4+ 22. Ke2 Nc2 23. Kd3 Nb4+ 24. Ke3 Nc2+ 25. Ke2 Nd7 26. Nb5 Ra2 27. Rb1 Nb8 28. Nf3 Na6 29. Ne1 Nxe1 30. Kxe1 Nb4 31. Ke2 g6 32. Nc3 Ra6 33. Na4 f5 34. f3 Bg5 35. exf5 gxf5 36. f4 exf4 37. gxf4 Bxf4 38. Rg1+ Kf8 39. Rf1 Bxh2 40. Rxf5+ Ke8 41. Rh5 Bg1 42. Rh1 Bd4 43. Bxd4 cxd4 44. Rxh7 Ra5 45. Kd2 Na6 46. Kd3 Rxa4 47. bxa4 Nc5+ 48. Kxd4 Nxa4 49. Ra7 Nc5 50. Kc3 Nd7 51. Kb4 Ne5 52. Kb5 Kd8 53. Rh7 Kc8 54. Rh5 Nd7 55. Kc6 Ne5+ 56. Rxe5 dxe5 57. d6 e4 58. d7+ Kd8 59. Kd6 1-0

[Event "Munich op 9293"]
[Site "Munich"]
[Date "1993.??.??"]
[Round "8"]
[White "Phildius, Bernhard"]
[Black "Bachmayr, Peter"]
[Result "1-0"]
[WhiteElo "2315"]
[BlackElo "2255"]
[PlyCount "71"]
[EventDate "1993.??.??"]
[EventType "swiss"]
[EventRounds "9"]
[EventCountry "GER"]
[SourceTitle "TD"]
[Source "ChessBase"]
[SourceDate "1994.03.01"]
[SourceVersion "1"]
[SourceVersionDate "1994.03.01"]
[SourceQuality "1"]

1. Nf3 d5 2. c4 e6 3. b3 Nf6 4. g3 Be7 5. Bg2 0-0 6. 0-0 c5 7. e3 Nc6 8. Bb2 b6 9. Nc3 Bb7 10. Qe2 Rc8 11. Rfd1 dxc4 12. bxc4 Qc7 13. Ne1 Rfd8 14. f4 Qb8 15. d3 Bf8 16. Rd2 Rd7 17. Nd1 Ne8 18. Nf3 Rcd8 19. Nf2 a6 20. a4 Nc7 21. Ng4 a5 22. Rad1 Na6 23. h4 Nab4 24. h5 h6 25. Nf2 Bd6 26. Ne4 Bc7 27. Nf6+ gxf6 28. Bxf6 Kf8 29. Ne1 Ne7 30. Qg4 Rd6 31. Qg7+ Ke8 32. e4 Nbc6 33. e5 Rd4 34. Bh3 Ba8 35. Kh2 Nb4 36. Bxe6 1-0

[Event "Munich op 9293"]
[Site "Munich"]
[Date "1993.??.??"]
[Round "4"]
[White "Phildius, Bernhard"]
[Black "Siegel, Georg"]
[Result "0-1"]
[WhiteElo "2315"]
[BlackElo "2285"]
[PlyCount "89"]
[EventDate "1993.??.??"]
[EventType "swiss"]
[EventRounds "9"]
[EventCountry "GER"]
[SourceTitle "TD"]
[Source "ChessBase"]
[SourceDate "1994.03.01"]
[SourceVersion "1"]
[SourceVersionDate "1994.03.01"]
[SourceQuality "1"]

1. c3 Nf6 2. Qc2 c5 3. e4 Nc6 4. Nf3 d5 5. d3 e6 6. Bg5 Be7 7. Nbd2 0-0 8. Be2 b6 9. 0-0 Ba6 10. Qa4 Qc8 11. e5 Nd7 12. Bxe7 Nxe7 13. Rfe1 Nc6 14. d4 Bxe2 15. Rxe2 b5 16. Qd1 Qd8 17. Nb3 c4 18. Nbd2 b4 19. Nf1 Rb8 20. Qd2 a5 21. h4 a4 22. a3 bxc3 23. bxc3 Rb3 24. N1h2 Na7 25. Ng4 Nb5 26. Re3 Qe7 27. Ng5 Nxa3 28. Rg3 f5 29. exf6 Nxf6 30. Nxf6+ Rxf6 31. Re3 h6 32. Nh3 Qb7 33. Ree1 Nb1 34. Qc1 Nxc3 35. Nf4 Qf7 36. g3 Qd7 37. Re3 Ne4 38. Rxe4 dxe4 39. Qxc4 Rf3 40. Rxa4 Kh7 41. Qc2 R3xf4 42. gxf4 Rxf4 43. d5 Rg4+ 44. Kf1 Qb5+ 45. Rc4 0-1

[Event "Munich op 9293"]
[Site "Munich"]
[Date "1993.??.??"]
[Round "5"]
[White "Zaja, Ivan"]
[Black "Phildius, Bernhard"]
[Result "1-0"]
[WhiteElo "2405"]
[BlackElo "2315"]
[PlyCount "63"]
[EventDate "1993.??.??"]
[EventType "swiss"]
[EventRounds "9"]
[EventCountry "GER"]
[SourceTitle "TD"]
[Source "ChessBase"]
[SourceDate "1994.03.01"]
[SourceVersion "1"]
[SourceVersionDate "1994.03.01"]
[SourceQuality "1"]

1. d4 Nf6 2. c4 c5 3. d5 e5 4. Nc3 d6 5. e4 Be7 6. Be2 0-0 7. h3 Nbd7 8. Nf3 Ne8 9. g4 a6 10. a4 b6 11. Rg1 Nc7 12. Ra3 Re8 13. g5 Nf8 14. h4 Bd7 15. Rb3 Rb8 16. h5 g6 17. Nxe5 dxe5 18. d6 Nfe6 19. dxc7 Qxc7 20. Nd5 Qd8 21. hxg6 fxg6 22. Bg4 Rf8 23. Rxb6 Nd4 24. Rxb8 Qxb8 25. Nxe7+ Kg7 26. Nd5 Bxg4 27. Rxg4 Nf3+ 28. Ke2 Qc8 29. Rg3 Nd4+ 30. Kf1 a5 31. Be3 Qa6 32. b3 1-0